| 000 | 00361nam a2200145 a 4500 | ||
|---|---|---|---|
| 005 | 20140412111327.0 | ||
| 008 | 110117s19uu xx 00 eng d | ||
| 020 | _a0-02-686024-4 | ||
| 050 |
_aBB _bIf23 1995 |
||
| 100 | _aCodye, Corinn | ||
| 245 |
_aIf you are sick / _cCorinn Codye. |
||
| 260 |
_aNY : _bMacmillan, _c1995. |
||
| 300 | _a16p. | ||
| 999 |
_c104695 _d104695 |
||